Регионална библиотека "Любен Каравелов" - Русе

Магьосникът (Запис номер 78583)

MARC детайли
000 -Лидер
Контролно поле с фиксирана дължина 01176nam a2200325 c 4500
003 - Код на организацията, давaща контролен номер
Контролно поле BLK
005 - Дата и час на последна редакция
Контролно поле 20250707101851.0
008 - Елементи от данни с фиксирана дължина
fixed length control field 180408b bul|||||r ||||||| ||bul||
010 ## - Наследен системен номер
LC control number KNG00083049000
020 ## - Международен стандартен номер на книга ISBN
Международен стандартен номер на книга ISBN 978-954-585-866-6
-- издат.: Бард
040 ## - Източник на каталожния запис
Идентификатор на билиотеката - собственик на записа BLK
041 ## - Код за език
Код за езика на текст/звукозапис или на отделно заглавие Български
Код за езика КДБФ Български
080 ## - УДК
Текстов определител УДК Американска литература (на САЩ)
УДК код - определител по УДК 821.111(73)
УДК определител -312.4
УДК - код + определител 821.111(73)-312.4
100 1# - Редна дума - Автор
Автор Хъгинс, Джеймс Байрон
Авторска отговорност първи автор
R(LIN) 298781
139 ## - Редно поле
Редна дума Хъгинс, Джеймс Байрон
Авторски знак Хъ - Х 96
245 10 - Сведения за заглавието
Заглавие Магьосникът
Подзаглавни данни Роман
Редно поле (дума) Джеймс Байрон Хъгинс; прев. Асен Георгиев.
257 ## - Страна на издаване
Страна на създаване/издаване Съединени американски щати
260 ## - Област на издателските данни
-- София
Име на издателя, разпространителя и проч. Бард
Година на издаване 2008
300 ## - Физическа характеристика
Страници 396 с.
Размери/Мащаб 20 см
380 ## - Жанр
Жанр Худож. лит.
490 1# - СЕРИИ (Колекции)
Име на серия Кралете на трилъра
500 ## - Общи забележки
Забележка Ориг. загл. Sorcerer / James Byron Huggins.
700 1# - Други автори (авторска отговорност)
Лично име Георгиев, Асен
Автороска отговорност (Описва отношението между автора и произведението) прев.
9 (RLIN) 364315
852 ## - Местоположение
Форматна сигнатура Цб 239521
856 4# - Електронен адрес и достъп
Електронен формат pdf - файл
Път до файла /url/
856 4# - Електронен адрес и достъп
Електронен формат pdf - файл
Път до файла /url/
942 ## - АРТИКУЛИ
Вид на библиотечния материал Книги
Скрит в OPAC Не
Koha issues (borrowed), all copies 11
944 ## - СЪЗДАВАНЕ И РЕДАКЦИЯ на ЗАПИСА
Създаване/Редакция Създаване
Дата на регистрацията/редакция 09.04.2008
Служител, извършил регистрацията/редакцията 30576
Статус, дата на статуса Цветомила Тодорова
944 ## - СЪЗДАВАНЕ И РЕДАКЦИЯ на ЗАПИСА
Създаване/Редакция Редакция
Дата на регистрацията/редакция 13.05.2009
Служител, извършил регистрацията/редакцията
999 ## - СИСТЕМНИ КОНТРОЛНИ НОМЕРА
Koha biblionumber 78583
Koha biblioitemnumber 78583
Наличности
Код за отписване Код за изгубен артикул Източник на класификационната схема Код за повреда Коз за рестрикции Код за отдаване Артикулен № Име на библиотеката - собственик Име на библиотеката, в която се намира в момента Статус (Текущо местоположение) Дата на вписване в системата Местоположение - отдел Цена в лева Инвентарен номер Систематично азбучна сигнатура Баркод Номер на екземпляра Цена в евро Служебна бележка Служебен тип на артикула
  Не е изгубен Universal Decimal Classification Не е повреден без рестрикции заемане за дома 127193 Регионална библиотека "Любен Каравелов" Русе Регионална библиотека "Любен Каравелов" Русе Заемна - подръчен фонд 2008-04-09 Заемна - подръчен фонд 10.99 120000725399 П 820(73)-31/Х 96 120000725399 1 5.62 Дост: Pk Вид: Ф N: 181 Дата: 04.04.2008 Дата инв: 24.02.2018 Бележки инв: П2018 Книги
Изтеглен Не е изгубен Universal Decimal Classification Не е повреден без рестрикции заемане за дома 127194 Регионална библиотека "Любен Каравелов" Русе Регионална библиотека "Любен Каравелов" Русе Заемна - подръчен фонд 2008-04-09 Заемна - подръчен фонд 10.99 120000725400 П 820(73)-31/Х 96 120000725400 2 5.62 Дост: Pk Вид: Ф N: 181 Дата: 04.04.2008 Книги
  Не е изгубен   Не е повреден без рестрикции ползва се в читалня 127195 Регионална библиотека "Любен Каравелов" Русе Регионална библиотека "Любен Каравелов" Русе Хранилище 2009-04-08 Хранилище 10.99 120000734842 Цб 239521 120000734842 3 5.62 Дост: Dp Вид: Д N: 45 Дата: 22.10.2008 Книги
Vip Innovations Ltd, Rousse, Bulgaria 2025